00736nam a2200217 a 450000100100000000500170001000800410002702000150006804000250008310000220010824000450013024500440017526000450021930000360026449000200030050000210032050400280034183000270036995201050039699900170050100004020120201002033959.0130815s1976 sp 000 0 spa d a8425209005 aDO-SdBNPbspacBNPHU1 aPedoe, Dan96646810aGeometry and the liberal artslespañol13aLa geometría en el arte /cDan Pedoe. aMadrid :bEditorial Gustavo Gill,c1976. a289 p. :bil., retrs. ;c21 cm.1 aPunto y línea1 aIncluye índice aBibliografía : p. 281 0aPunto y línea948287 001050718MOaGRbGRcCTd2013-08-15iLF1l0o p40201-10r2020-06-25w2020-06-25y1ZNo se presta c39691d39691